| 000 | 00406 a2200133 4500 | ||
|---|---|---|---|
| 001 | 55016 | ||
| 082 | _a629.13432 RIZ / PR 1423 | ||
| 090 |
_c34127 _d34127 |
||
| 100 | _aAnees Latif Rana | ||
| 245 | _aStructural design and analysis of four seater super mushshak aircraft | ||
| 260 |
_aRisalpur _bAerospace Engg Dept, CAE NUST, Risalpur _c2004 |
||
| 300 | _axii, 106p | ||
| 500 | _aMS thesis | ||
| 942 |
_aNUST-CAE _k629.13432 RIZ / PR 1423 |
||
| 999 |
_c290089 _d290089 |
||